000 00697nam a2200121Ia 4500
008 220620s9999||||xx |||||||||||||| ||und||
245 4 _aThe Neoliberal State, Recognition and Indigenous Rights
_bNew paternalism to new imaginings
546 _aEnglish[eng]
650 _aNeoliberalism||Indigenous peoples||Australia||New Zealand||Iwi||Maori people||Self-determination
700 _aHoward-Wagner, Deirdre||Bargh, Maria||Altamirano-Jiménez, Isabel
856 _uhttps://library.oapen.org/bitstream/20.500.12657/29455/1/book%286%29.pdf||https://library.oapen.org/bitstream/20.500.12657/29455/1/book%286%29.pdf||https://library.oapen.org/bitstream/20.500.12657/29455/1/book%286%29.pdf
942 _cEB
999 _c32782
_d32782